000 00712nam a22002297a 4500
001 48765
003 BD-RjUL
005 20211209054600.0
008 160816s1969 bg ||||| |||| 00| 0 ben d
020 _c : TK 3.50
035 _a(BD-RjUL)48884
040 _aBD-RjUL
_bben
_cBD-RjUL
041 _aben
082 _223
_a891.4403
_bROU 1969
100 1 _aরায়, অজয়
_9147096
245 1 0 _aউষালগ্ন /
_cঅজয় রায়
260 _aঢাকা :
_bএম. এ. আলিম
_c১৯৬৯.
300 _a[৩], ১১৮ পৃ. ;
_c২২ সেমি.
650 _aবাংলা উপন্যাস
_9147097
650 _aBengali Fiction
_9147098
942 _2ddc
_cBK
999 _c48765
_d48765